[Event "Berlin Spandau op"]
[Site "Berlin"]
[Date "2018.12.28"]
[Round "4"]
[White "Allgaier, Erik"]
[Black "Scheide, Helmut"]
[Result "1-0"]
[WhiteElo "2017"]
[BlackElo "1921"]
[PlyCount "65"]
[EventDate "2018.12.27"]
[EventType "swiss"]
[EventRounds "7"]
[EventCountry "GER"]
[SourceTitle "CBM 188 Extra"]
[Source "ChessBase"]
[SourceDate "2019.02.28"]
[SourceVersion "1"]
[SourceVersionDate "2019.02.28"]
[SourceQuality "1"]

1. c4 Nf6 2. Nc3 e5 3. e4 Nc6 4. g3 Bb4 5. Nge2 d6 6. h3 0-0 7. Bg2 a6 8. 0-0 Ne7 9. a3 Bxc3 10. Nxc3 Be6 11. d3 c6 12. Bg5 Ng6 13. Qe2 h6 14. Be3 Nh7 15. Kh2 f5 16. exf5 Bxf5 17. Rad1 Qe7 18. Qh5 Nh8 19. Ne4 Bg6 20. Qe2 Nf6 21. Nxf6+ Rxf6 22. Be4 Raf8 23. b4 Bxe4 24. dxe4 Rf3 25. c5 Ng6 26. cxd6 Qd7 27. a4 Nh4 28. Rd3 R8f6 29. Rfd1 Qf7 30. R1d2 Rxe3 31. Rxe3 Nf3+ 32. Rxf3 Rxf3 33. d7 1-0

[Event "SUI-ch HT1 118th"]
[Site "Lenzerheide"]
[Date "2018.07.19"]
[Round "8"]
[White "Allgaier, Erik"]
[Black "Kriste, Vincent"]
[Result "0-1"]
[WhiteElo "2033"]
[BlackElo "2181"]
[PlyCount "31"]
[EventDate "2018.07.12"]
[EventType "swiss"]
[EventRounds "9"]
[EventCountry "SUI"]
[SourceTitle "EXT 2019"]
[Source "ChessBase"]
[SourceDate "2018.10.10"]
[SourceVersion "1"]
[SourceVersionDate "2018.10.10"]
[SourceQuality "1"]

1. c4 e5 2. g3 d6 3. e4 g6 4. Bg2 Bg7 5. Nc3 Ne7 6. Nge2 f5 7. exf5 Nxf5 8. 0-0 0-0 9. b4 Nc6 10. Rb1 Be6 11. d3 Qc8 12. Nd5 Rf7 13. Nec3 Ncd4 14. Ne4 h6 15. Qg4 Kh7 16. Qh3 0-1

[Event "SUI-ch HT1 118th"]
[Site "Lenzerheide"]
[Date "2018.07.18"]
[Round "7"]
[White "Heinatz, Gundula"]
[Black "Allgaier, Erik"]
[Result "1-0"]
[WhiteElo "2148"]
[BlackElo "2033"]
[PlyCount "57"]
[EventDate "2018.07.12"]
[EventType "swiss"]
[EventRounds "9"]
[EventCountry "SUI"]
[SourceTitle "EXT 2019"]
[Source "ChessBase"]
[SourceDate "2018.10.10"]
[SourceVersion "1"]
[SourceVersionDate "2018.10.10"]
[SourceQuality "1"]

1. d4 d6 2. Nf3 Nf6 3. Nc3 d5 4. Bf4 c6 5. e3 Bf5 6. Bd3 Ne4 7. Bxe4 Bxe4 8. Nxe4 dxe4 9. Ng5 Qd5 10. 0-0 h6 11. c4 Qxc4 12. Nxe4 Nd7 13. b3 Qe6 14. Nc3 Nf6 15. Rc1 Qd7 16. Be5 Ng4 17. Bg3 Nf6 18. Be5 Ng4 19. Qe2 Nxe5 20. dxe5 Qf5 21. f4 0-0-0 22. e4 Qd7 23. Rfd1 Qc7 24. Nd5 Qa5 25. b4 Qa4 26. Rc5 b6 27. Ra5 bxa5 28. Nb6+ axb6 29. Qa6+ 1-0

[Event "SUI-ch HT1 118th"]
[Site "Lenzerheide"]
[Date "2018.07.12"]
[Round "1"]
[White "Klauser, Markus"]
[Black "Allgaier, Erik"]
[Result "1-0"]
[WhiteElo "2386"]
[BlackElo "2033"]
[PlyCount "61"]
[EventDate "2018.07.12"]
[EventType "swiss"]
[EventRounds "9"]
[EventCountry "SUI"]
[SourceTitle "EXT 2019"]
[Source "ChessBase"]
[SourceDate "2018.10.10"]
[SourceVersion "1"]
[SourceVersionDate "2018.10.10"]
[SourceQuality "1"]

1. e4 d6 2. d4 Nf6 3. Nc3 e5 4. Nf3 exd4 5. Nxd4 Be7 6. g3 0-0 7. Bg2 Re8 8. 0-0 c6 9. h3 Bf8 10. Re1 Na6 11. Nb3 Be6 12. Be3 Nc5 13. Nxc5 dxc5 14. f4 Qc7 15. Qf3 Rad8 16. Rad1 Rxd1 17. Rxd1 h6 18. Bf2 Rd8 19. e5 Nd5 20. Ne4 b6 21. a3 c4 22. g4 f5 23. exf6 gxf6 24. f5 Bf7 25. Bg3 Qe7 26. Re1 Qd7 27. b3 cxb3 28. c4 Bg7 29. cxd5 cxd5 30. Nd6 b2 31. Qb3 1-0

[Event "Berlin Spandau op"]
[Site "Berlin"]
[Date "2017.12.30"]
[Round "7"]
[White "Allgaier, Erik"]
[Black "Dzikowski, Michal"]
[Result "1/2-1/2"]
[WhiteElo "2030"]
[BlackElo "2147"]
[PlyCount "79"]
[EventDate "2017.12.27"]
[EventType "swiss"]
[EventRounds "7"]
[EventCountry "GER"]
[SourceTitle "CBM 182 Extra"]
[Source "ChessBase"]
[SourceDate "2018.02.23"]
[SourceVersion "1"]
[SourceVersionDate "2018.02.23"]
[SourceQuality "1"]

1. c4 Nf6 2. g3 e6 3. Bg2 d5 4. b3 Be7 5. Nf3 0-0 6. 0-0 Nbd7 7. d4 c5 8. cxd5 exd5 9. Bb2 b6 10. Ne5 Bb7 11. Nxd7 Qxd7 12. Nc3 cxd4 13. Qxd4 Bc5 14. Qf4 Rfe8 15. e3 Ne4 16. Nxe4 dxe4 17. Qg5 Bf8 18. Rfd1 Qe6 19. h4 h6 20. Qb5 Bc6 21. Qf1 a6 22. Bh3 f5 23. Qe1 Rac8 24. Bf1 b5 25. Rac1 Be7 26. Qa5 Bd5 27. Rxc8 Rxc8 28. Rc1 Rxc1 29. Bxc1 Bf6 30. Qd2 Qc6 31. Bb2 Bxb2 32. Qxb2 Kf7 33. Qe5 Be6 34. Bh3 Qc1+ 35. Kg2 Qd1 36. Qc7+ Kf6 37. Qc3+ Kf7 38. Qc7+ Kf6 39. Qc3+ Kf7 40. Qc7+ 1/2-1/2

[Event "Berlin Spandau op"]
[Site "Berlin"]
[Date "2017.12.27"]
[Round "2"]
[White "Neuman, Petr"]
[Black "Allgaier, Erik"]
[Result "1-0"]
[WhiteElo "2440"]
[BlackElo "2030"]
[PlyCount "81"]
[EventDate "2017.12.27"]
[EventType "swiss"]
[EventRounds "7"]
[EventCountry "GER"]
[SourceTitle "CBM 182 Extra"]
[Source "ChessBase"]
[SourceDate "2018.02.23"]
[SourceVersion "1"]
[SourceVersionDate "2018.02.23"]
[SourceQuality "1"]

1. d4 d6 2. e4 Nf6 3. Nc3 e5 4. Nf3 exd4 5. Nxd4 Be7 6. g3 Bg4 7. f3 Bd7 8. Bg2 Nc6 9. Nde2 0-0 10. 0-0 Ne5 11. f4 Ng6 12. h3 Re8 13. Qd3 Bf8 14. Bd2 Re7 15. g4 h6 16. Ng3 Bc6 17. Rae1 Nh4 18. Bh1 Qd7 19. Be3 Rae8 20. Bd4 Nh7 21. Nh5 f5 22. Qg3 g5 23. gxf5 Nxf5 24. exf5 Rxe1 25. Rxe1 Rxe1+ 26. Qxe1 Bxh1 27. Kxh1 Qxf5 28. Kh2 c5 29. Bf2 d5 30. Ng3 Qd7 31. Qe5 gxf4 32. Qxf4 Ng5 33. Qf5 Qxf5 34. Nxf5 d4 35. Nb5 Ne4 36. Bg3 a6 37. Nbd6 Nd2 38. Kg2 b5 39. Bf4 Nc4 40. Nxc4 bxc4 41. Bxh6 1-0

[Event "Berlin Spandau op 2nd"]
[Site "Berlin"]
[Date "2016.12.29"]
[Round "5"]
[White "Hahn, Thomas"]
[Black "Allgaier, Erik"]
[Result "0-1"]
[WhiteElo "1909"]
[BlackElo "2040"]
[PlyCount "102"]
[EventDate "2016.12.27"]
[EventType "swiss"]
[EventRounds "7"]
[EventCountry "GER"]
[SourceTitle "CBM 176 Extra"]
[Source "ChessBase"]
[SourceDate "2017.03.02"]
[SourceVersion "1"]
[SourceVersionDate "2017.03.02"]
[SourceQuality "1"]

1. d4 d6 2. Bf4 g6 3. Nf3 Bg7 4. e3 c5 5. c3 Nd7 6. Be2 Ngf6 7. h3 0-0 8. 0-0 b6 9. Nbd2 Bb7 10. Qb3 Qc7 11. Rfe1 Ne4 12. Nxe4 Bxe4 13. Ng5 Nf6 14. Nxe4 Nxe4 15. f3 Nf6 16. Rad1 Nh5 17. Bh2 Bf6 18. g4 Ng7 19. f4 e6 20. Rf1 Rad8 21. Qc2 Qc8 22. Bd3 c4 23. Be2 Be7 24. Bf3 d5 25. Qg2 f5 26. Rde1 Kh8 27. Bg3 Rg8 28. Qf2 Rdf8 29. Bh4 Bd6 30. Bg5 Rf7 31. Qh4 b5 32. a3 a5 33. Ra1 Qf8 34. Rf2 Be7 35. Bxe7 Rxe7 36. Rg2 Qf7 37. Kh1 Rb7 38. Bd1 Rgb8 39. Kh2 Qe7 40. Qxe7 Rxe7 41. Kg3 Ne8 42. h4 Nd6 43. Bf3 Rg7 44. h5 fxg4 45. h6 Nf5+ 46. Kxg4 Nxh6+ 47. Kg5 Nf7+ 48. Kf6 Rb6 49. Ke7 Ne5+ 50. Kf6 Nxf3 51. Rh1 e5# 0-1

[Event "Berlin-ch Seniors op 32nd"]
[Site "Berlin"]
[Date "2016.02.02"]
[Round "7"]
[White "Hahlbohm, Matthias"]
[Black "Allgaier, Erik"]
[Result "1-0"]
[WhiteElo "2077"]
[BlackElo "2012"]
[PlyCount "21"]
[EventDate "2016.01.26"]
[EventType "swiss"]
[EventRounds "9"]
[EventCountry "GER"]
[SourceTitle "EXT 2019"]
[Source "ChessBase"]
[SourceDate "2018.10.10"]
[SourceVersion "1"]
[SourceVersionDate "2018.10.10"]
[SourceQuality "1"]

1. e4 g6 2. d4 d6 3. Nc3 Bg7 4. Be3 Nf6 5. f3 c6 6. Qd2 e5 7. 0-0-0 Qe7 8. dxe5 dxe5 9. Bc5 Bh6 10. Qxh6 Qxc5 11. Qg7 1-0

[Event "Berlin-ch Seniors op 32nd"]
[Site "Berlin"]
[Date "2016.01.27"]
[Round "2"]
[White "Allgaier, Erik"]
[Black "Kohlmeyer, Dagobert"]
[Result "1-0"]
[WhiteElo "2012"]
[BlackElo "1834"]
[PlyCount "61"]
[EventDate "2016.01.26"]
[EventType "swiss"]
[EventRounds "9"]
[EventCountry "GER"]
[SourceTitle "EXT 2019"]
[Source "ChessBase"]
[SourceDate "2018.10.10"]
[SourceVersion "1"]
[SourceVersionDate "2018.10.10"]
[SourceQuality "1"]

1. c4 Nf6 2. g3 g6 3. Bg2 c5 4. Nc3 Bg7 5. d3 Nc6 6. e4 d6 7. Nge2 e5 8. a3 Bg4 9. f3 Be6 10. Nd5 h6 11. 0-0 Qd7 12. Be3 Nd4 13. b4 Nxd5 14. cxd5 Bh3 15. bxc5 Bxg2 16. Kxg2 dxc5 17. Nxd4 cxd4 18. Bd2 0-0 19. f4 f5 20. fxe5 fxe4 21. dxe4 Rxf1 22. Qxf1 Rf8 23. e6 Qe8 24. Qd3 g5 25. Bb4 Rf6 26. e5 Rg6 27. Rf1 g4 28. Qf5 Rg5 29. Qf7+ Qxf7 30. exf7+ Kh7 31. e6 1-0

[Event "Berlin-ch Seniors op 31st"]
[Site "Berlin"]
[Date "2015.01.31"]
[Round "3"]
[White "Kranch, Klaus"]
[Black "Allgaier, Erik"]
[Result "0-1"]
[WhiteElo "1599"]
[BlackElo "2033"]
[PlyCount "88"]
[EventDate "2015.01.29"]
[EventType "swiss"]
[EventRounds "9"]
[EventCountry "GER"]
[SourceTitle "EXT 2018"]
[Source "ChessBase"]
[SourceDate "2017.10.13"]
[SourceVersion "1"]
[SourceVersionDate "2017.10.13"]
[SourceQuality "1"]

1. c4 g6 2. Nc3 Bg7 3. e4 d6 4. d4 e5 5. Nge2 Nc6 6. Be3 Nh6 7. f3 f6 8. Qd2 Nf7 9. d5 Ne7 10. g4 f5 11. gxf5 gxf5 12. Rg1 Kf8 13. 0-0-0 f4 14. Bf2 Bf6 15. h4 h5 16. Qe1 Rh6 17. Rh1 Ng6 18. Ng1 a6 19. Kb1 Bd7 20. Bh3 Bxh3 21. Rxh3 b5 22. cxb5 axb5 23. Nxb5 Rh8 24. Rc1 Rc8 25. Na7 Ra8 26. Nc6 Qd7 27. Rh2 Qc8 28. Rc3 Rg8 29. Qc1 Rg7 30. Na7 Qa6 31. Rxc7 Ne7 32. a3 Nd8 33. Qc4 Qa5 34. Qc3 Qxc3 35. Rxc3 Nxd5 36. Rd3 Ne3 37. Nb5 Nf1 38. Rh1 Rg2 39. Nh3 Ng3 40. Bxg3 fxg3 41. Rxd6 Bxh4 42. Ng1 Rh2 43. Rd2 Rxh1 44. Rg2 Rh2 0-1

[Event "Berlin-ch Seniors op 30th"]
[Site "Berlin"]
[Date "2014.02.06"]
[Round "8"]
[White "Petkov, Peter"]
[Black "Allgaier, Erik"]
[Result "0-1"]
[WhiteElo "1857"]
[BlackElo "1991"]
[PlyCount "52"]
[EventDate "2014.01.30"]
[EventType "swiss"]
[EventRounds "9"]
[EventCountry "GER"]
[SourceTitle "EXT 2023"]
[Source "ChessBase"]
[SourceDate "2022.10.05"]
[SourceVersion "1"]
[SourceVersionDate "2022.10.05"]
[SourceQuality "1"]

1. c4 c5 2. Nf3 g6 3. e4 Bg7 4. d4 cxd4 5. Nxd4 Nc6 6. Be3 Nf6 7. f3 0-0 8. Qd2 e6 9. Nc3 d5 10. Nxc6 bxc6 11. e5 Nd7 12. f4 f6 13. exf6 Nxf6 14. Be2 dxc4 15. Qxd8 Rxd8 16. Rd1 Rxd1+ 17. Nxd1 Nd5 18. Bc1 c3 19. bxc3 Nxc3 20. Bc4 Nd5 21. g3 Rb8 22. 0-0 Bd4+ 23. Kg2 Rb1 24. Bxd5 exd5 25. Nf2 Ba6 26. Ng4 Bc3 0-1

[Event "Berlin-ch Seniors op 30th"]
[Site "Berlin"]
[Date "2014.02.04"]
[Round "6"]
[White "Allgaier, Erik"]
[Black "Rahls, Peter"]
[Result "0-1"]
[WhiteElo "1991"]
[BlackElo "2169"]
[PlyCount "70"]
[EventDate "2014.01.30"]
[EventType "swiss"]
[EventRounds "9"]
[EventCountry "GER"]
[SourceTitle "EXT 2018"]
[Source "ChessBase"]
[SourceDate "2017.10.13"]
[SourceVersion "1"]
[SourceVersionDate "2017.10.13"]
[SourceQuality "1"]

1. c4 e5 2. g3 Nc6 3. Nc3 g6 4. e4 Bg7 5. Bg2 d6 6. d3 Nge7 7. Nge2 0-0 8. 0-0 h6 9. Be3 f5 10. Qd2 Kh7 11. Nd5 Nxd5 12. cxd5 Ne7 13. Rac1 c6 14. dxc6 bxc6 15. f4 exf4 16. Nxf4 d5 17. exd5 Nxd5 18. Nxd5 cxd5 19. Bc5 Re8 20. d4 Bb7 21. b4 Qd7 22. Rce1 Ba6 23. Rxe8 Rxe8 24. Re1 Rxe1+ 25. Qxe1 Bd3 26. Qd1 Be4 27. Bh3 h5 28. Qe2 Qa4 29. Bf1 Bh6 30. Kf2 f4 31. Qa6 Qc2+ 32. Qe2 Qc1 33. Bxa7 f3 34. Qe1 Qb2+ 35. Kg1 Qa3 0-1

[Event "Berlin-ch Seniors op 30th"]
[Site "Berlin"]
[Date "2014.02.03"]
[Round "5"]
[White "Allgaier, Erik"]
[Black "Burger, Heinrich"]
[Result "1/2-1/2"]
[WhiteElo "1991"]
[BlackElo "1961"]
[PlyCount "31"]
[EventDate "2014.01.30"]
[EventType "swiss"]
[EventRounds "9"]
[EventCountry "GER"]
[SourceTitle "EXT 2018"]
[Source "ChessBase"]
[SourceDate "2017.10.13"]
[SourceVersion "1"]
[SourceVersionDate "2017.10.13"]
[SourceQuality "1"]

1. c4 e5 2. g3 Nc6 3. Nc3 g6 4. e4 Bg7 5. Bg2 d6 6. Nge2 Nge7 7. 0-0 Be6 8. d3 Qd7 9. Nd5 0-0 10. Bg5 f6 11. Be3 Nd8 12. Qc2 Nc8 13. Rad1 c6 14. Ndc3 Ne7 15. b3 c5 16. f4 1/2-1/2

[Event "Berlin-ch Seniors op 30th"]
[Site "Berlin"]
[Date "2014.01.31"]
[Round "2"]
[White "Fiedler, Wolfgang"]
[Black "Allgaier, Erik"]
[Result "0-1"]
[WhiteElo "1746"]
[BlackElo "1991"]
[PlyCount "99"]
[EventDate "2014.01.30"]
[EventType "swiss"]
[EventRounds "9"]
[EventCountry "GER"]
[SourceTitle "EXT 2018"]
[Source "ChessBase"]
[SourceDate "2017.10.13"]
[SourceVersion "1"]
[SourceVersionDate "2017.10.13"]
[SourceQuality "1"]

1. d4 g6 2. e4 Bg7 3. c3 d6 4. f4 Nf6 5. e5 dxe5 6. dxe5 Qxd1+ 7. Kxd1 Ng4 8. Ke1 f6 9. h3 Nh6 10. exf6 exf6 11. Bc4 Nc6 12. Nf3 Na5 13. Bb5+ c6 14. Be2 Be6 15. g4 0-0 16. Kf2 c5 17. Na3 a6 18. Be3 Rac8 19. Rhd1 Rfe8 20. Nc2 Nc4 21. Bxc4 Bxc4 22. Rd7 b5 23. Rd6 Re6 24. Rd7 Rec6 25. b3 Be6 26. Rdd1 Nf7 27. Rac1 Nd6 28. Kg1 Ne4 29. Nce1 f5 30. gxf5 Bxf5 31. Ne5 Re6 32. N1f3 Bxh3 33. b4 Bxe5 34. Nxe5 cxb4 35. cxb4 Rxc1 36. Rxc1 Rd6 37. Kh2 Bf5 38. Rc7 Nf6 39. Kg3 Nd5 40. Nf7 Rd7 41. Nh6+ Kf8 42. Bc5+ Ke8 43. Rc6 Nc7 44. Bd6 Be4 45. Rb6 Nd5 46. Rxa6 Nc3 47. Kg4 Nxa2 48. Kg5 Nc3 49. Kf6 Bb7 50. Rb6 0-1

[Event "Berlin-ch Seniors op 30th"]
[Site "Berlin"]
[Date "2014.01.30"]
[Round "1"]
[White "Allgaier, Erik"]
[Black "Schrodt, Horst"]
[Result "1-0"]
[WhiteElo "1991"]
[BlackElo "1594"]
[PlyCount "43"]
[EventDate "2014.01.30"]
[EventType "swiss"]
[EventRounds "9"]
[EventCountry "GER"]
[SourceTitle "EXT 2018"]
[Source "ChessBase"]
[SourceDate "2017.10.13"]
[SourceVersion "1"]
[SourceVersionDate "2017.10.13"]
[SourceQuality "1"]

1. c4 c6 2. g3 d5 3. Bg2 dxc4 4. Na3 Nf6 5. Nxc4 Bf5 6. Nf3 e6 7. 0-0 Be7 8. d3 h6 9. Qb3 Qc8 10. Nd4 0-0 11. Na5 Rd8 12. Nxf5 exf5 13. Qxb7 Qxb7 14. Nxb7 Rc8 15. Na5 Nd5 16. Nxc6 Nxc6 17. Bxd5 Rab8 18. Be3 Rxb2 19. Rac1 Rxe2 20. a4 Rd8 21. Bxc6 Rxd3 22. Bb5 1-0

[Event "Berlin Lichtenrade op 09th"]
[Site "Berlin"]
[Date "2013.09.29"]
[Round "2"]
[White "Romanishin, Oleg M"]
[Black "Allgaier, Erik"]
[Result "1-0"]
[WhiteElo "2499"]
[BlackElo "2024"]
[PlyCount "61"]
[EventDate "2013.09.28"]
[EventType "swiss"]
[EventRounds "9"]
[EventCountry "GER"]
[SourceTitle "CBM 156 Extra"]
[Source "ChessBase"]
[SourceDate "2013.10.22"]
[SourceVersion "1"]
[SourceVersionDate "2013.10.22"]
[SourceQuality "1"]

1. d4 g6 2. g3 Bg7 3. Bg2 d6 4. Nf3 Nc6 5. d5 Ne5 6. Nxe5 dxe5 7. c4 Nf6 8. Nc3 0-0 9. 0-0 Qd7 10. Qc2 e6 11. Bg5 exd5 12. Nxd5 Nxd5 13. cxd5 f6 14. Be3 Rf7 15. d6 c6 16. Rfd1 Qe6 17. a4 Bd7 18. a5 a6 19. Bc5 Be8 20. e4 Rd7 21. Ra3 Bf7 22. Rad3 Bf8 23. b3 Rad8 24. Qd2 Qe8 25. Bb6 Rc8 26. f4 Be6 27. Rf1 Bh6 28. Qc3 Bg4 29. Qc2 Qe6 30. h3 exf4 31. hxg4 1-0

[Event "Potsdam Christmas 34th"]
[Site "Potsdam"]
[Date "2009.12.28"]
[Round "3.9"]
[White "Brinckmann, Dieter"]
[Black "Allgaier, Erik"]
[Result "1/2-1/2"]
[WhiteElo "1819"]
[BlackElo "2073"]
[PlyCount "102"]
[EventDate "2009.12.27"]
[EventType "swiss"]
[EventRounds "7"]
[EventCountry "GER"]
[SourceTitle "EXT 2022"]
[Source "ChessBase"]
[SourceDate "2021.10.06"]
[SourceVersion "1"]
[SourceVersionDate "2021.10.06"]
[SourceQuality "1"]

1. d4 g6 2. c4 Bg7 3. Nc3 d6 4. e4 e5 5. Nf3 Nc6 6. Bg5 f6 7. Be3 Nh6 8. dxe5 dxe5 9. Qxd8+ Kxd8 10. Nd5 Nf7 11. 0-0-0 Bd7 12. Nd2 Ne7 13. Nb3 Nxd5 14. Rxd5 c6 15. Rd3 b6 16. Be2 Kc7 17. Rhd1 Rhd8 18. Kc2 Be6 19. Rxd8 Rxd8 20. Rxd8 Kxd8 21. c5 Kc7 22. f3 Bh6 23. Bf2 Bf8 24. cxb6+ axb6 25. Kc3 Nd6 26. a4 g5 27. h3 h5 28. Be3 g4 29. hxg4 hxg4 30. Bf2 Bg7 31. a5 bxa5 32. Nxa5 f5 33. Bd3 f4 34. Nb3 Nf7 35. Nc5 Bc8 36. Bh4 g3 37. Bc4 Nd8 38. b4 Nb7 39. Be7 Nxc5 40. bxc5 Bh3 41. Bd6+ Kd8 42. Bf1 Bc8 43. Kb4 Bf6 44. Ka5 Be6 45. Kb6 Kd7 46. Bc7 Bb3 47. Bd6 Bd1 48. Kb7 Ba4 49. Bc4 Bd1 50. Bf1 Bb3 51. Be2 Ba4 1/2-1/2

[Event "Seefeld op 20th"]
[Site "Seefeld"]
[Date "2009.09.26"]
[Round "3"]
[White "Allgaier, Erik"]
[Black "Lang, Ferdinand"]
[Result "1/2-1/2"]
[WhiteElo "2073"]
[BlackElo "2156"]
[PlyCount "21"]
[EventDate "2009.09.24"]
[EventType "swiss"]
[EventRounds "9"]
[EventCountry "AUT"]
[SourceTitle "EXT 2012"]
[Source "ChessBase"]
[SourceDate "2011.11.24"]
[SourceVersion "1"]
[SourceVersionDate "2011.11.24"]
[SourceQuality "1"]

1. Nf3 Nf6 2. d4 g6 3. Nc3 Bg7 4. e4 d6 5. Be3 0-0 6. Qd2 Ng4 7. Bg5 h6 8. Bh4 b6 9. h3 Nf6 10. e5 dxe5 11. Nxe5 1/2-1/2

[Event "Seefeld op 19th"]
[Site "Seefeld"]
[Date "2008.09.07"]
[Round "3"]
[White "Gatterer, Florian"]
[Black "Allgaier, Erik"]
[Result "1-0"]
[WhiteElo "2302"]
[BlackElo "2048"]
[PlyCount "101"]
[EventDate "2008.09.05"]
[EventType "swiss"]
[EventRounds "9"]
[EventCountry "AUT"]
[SourceTitle "EXT 2010"]
[Source "ChessBase"]
[SourceDate "2010.11.25"]
[SourceVersion "1"]
[SourceVersionDate "2010.11.25"]
[SourceQuality "1"]

1. e4 c5 2. Nf3 Nc6 3. d4 cxd4 4. Nxd4 e6 5. Nc3 Qc7 6. Be2 a6 7. 0-0 Nf6 8. a3 b5 9. Nxc6 dxc6 10. f4 Bb7 11. Bf3 Rd8 12. Qe2 Be7 13. Kh1 0-0 14. e5 Nd5 15. Ne4 c5 16. c4 bxc4 17. Qxc4 Qb6 18. Qc2 Bc6 19. Bd2 Rb8 20. Rab1 Qb3 21. Rfc1 Qxc2 22. Rxc2 Ba4 23. Rcc1 c4 24. Nc3 Nxc3 25. Bxc3 Bb3 26. Bd1 Rfd8 27. Bxb3 cxb3 28. Rd1 Kf8 29. Kg1 g5 30. fxg5 Bxg5 31. Kf2 Ke7 32. Kf3 Rd7 33. Rxd7+ Kxd7 34. Rd1+ Kc6 35. Rd6+ Kb5 36. Ke4 Rc8 37. a4+ Kxa4 38. Rxa6+ Kb5 39. Ra3 Kc4 40. Ra4+ Kc5 41. Rb4 Rg8 42. Rxb3 Bh6 43. g3 Rg4+ 44. Kf3 Rg5 45. g4 Rg7 46. h4 Rg6 47. Rb7 f5 48. gxf5 exf5 49. Rxh7 Kd5 50. h5 Rg8 51. Rf7 1-0

[Event "Seefeld op 19th"]
[Site "Seefeld"]
[Date "2008.09.05"]
[Round "1"]
[White "Russ, Colin"]
[Black "Allgaier, Erik"]
[Result "0-1"]
[WhiteElo "1990"]
[BlackElo "2048"]
[PlyCount "31"]
[EventDate "2008.09.05"]
[EventType "swiss"]
[EventRounds "9"]
[EventCountry "AUT"]
[SourceTitle "EXT 2010"]
[Source "ChessBase"]
[SourceDate "2010.11.25"]
[SourceVersion "1"]
[SourceVersionDate "2010.11.25"]
[SourceQuality "1"]

1. d4 g6 2. c4 Bg7 3. Nc3 d6 4. Nf3 e5 5. dxe5 dxe5 6. Qxd8+ Kxd8 7. Bg5+ f6 8. 0-0-0+ Nd7 9. Bh4 g5 10. Bg3 h5 11. h3 Nh6 12. e4 c6 13. Be2 Ke7 14. Nd2 h4 15. Bh2 Nc5 16. Nb3 0-1

[Event "Seefeld op 18th"]
[Site "Seefeld"]
[Date "2007.09.09"]
[Round "9"]
[White "Schnegg, Martin"]
[Black "Allgaier, Erik"]
[Result "1/2-1/2"]
[WhiteElo "1931"]
[BlackElo "2060"]
[PlyCount "69"]
[EventDate "2007.09.01"]
[EventType "swiss"]
[EventRounds "9"]
[EventCountry "AUT"]
[SourceTitle "EXT 2009"]
[Source "ChessBase"]
[SourceDate "2008.11.26"]
[SourceVersion "1"]
[SourceVersionDate "2008.11.26"]
[SourceQuality "1"]

1. e4 d6 2. d4 g6 3. Nc3 Nf6 4. f4 Bg7 5. Nf3 c5 6. dxc5 Qa5 7. Bd3 Qxc5 8. Bd2 0-0 9. Qe2 Qb6 10. 0-0-0 Nc6 11. h3 Nh5 12. Qe3 Bxc3 13. bxc3 Qa5 14. Kb2 Be6 15. Ra1 Qb6+ 16. Qxb6 axb6 17. g4 Nf6 18. Be3 b5 19. g5 Nh5 20. Nd4 Bc4 21. Ne2 Ra5 22. a3 Rfa8 23. Rhb1 e5 24. Rd1 exf4 25. Nxf4 Nxf4 26. Bxf4 Ne5 27. Be3 Kf8 28. Bd4 Ke7 29. Bb6 R5a6 30. Bd4 Ke6 31. Be3 Rc6 32. Bd4 Rac8 33. Rac1 Nf3 34. Be3 R8c7 35. Bf4 1/2-1/2

[Event "Seefeld op 18th"]
[Site "Seefeld"]
[Date "2007.09.06"]
[Round "6"]
[White "Allgaier, Erik"]
[Black "Gerhards, Walter"]
[Result "1-0"]
[WhiteElo "2060"]
[BlackElo "1947"]
[PlyCount "79"]
[EventDate "2007.09.01"]
[EventType "swiss"]
[EventRounds "9"]
[EventCountry "AUT"]
[SourceTitle "EXT 2009"]
[Source "ChessBase"]
[SourceDate "2008.11.26"]
[SourceVersion "1"]
[SourceVersionDate "2008.11.26"]
[SourceQuality "1"]

1. Nf3 Nf6 2. d4 e6 3. e3 b6 4. Bd3 Bb7 5. 0-0 c5 6. c4 Be7 7. Nc3 0-0 8. d5 d6 9. e4 Nbd7 10. dxe6 fxe6 11. Ng5 Qc8 12. Nxe6 Re8 13. Nb5 Ne5 14. Nbc7 Nxd3 15. Qxd3 Bxe4 16. Qe2 Bf5 17. Nxe8 Bxe6 18. Nc7 Qxc7 19. Qxe6+ Kf8 20. Bf4 Rd8 21. Rfe1 Qd7 22. Qe2 Re8 23. Bg3 d5 24. cxd5 Qxd5 25. b3 Bd8 26. Qb5 Ne4 27. Rad1 Qa8 28. f3 Nf6 29. Bd6+ Be7 30. Bxe7+ Rxe7 31. Rxe7 Kxe7 32. Qe2+ Kf7 33. Qc4+ Kg6 34. Qd3+ Kf7 35. Qd6 Qe8 36. Kf2 c4 37. Re1 Qc8 38. Re7+ Kg8 39. bxc4 h6 40. Qe6+ 1-0

[Event "Seefeld op 18th"]
[Site "Seefeld"]
[Date "2007.09.01"]
[Round "1"]
[White "Glanznig, Mario"]
[Black "Allgaier, Erik"]
[Result "1/2-1/2"]
[WhiteElo "1885"]
[BlackElo "2060"]
[PlyCount "123"]
[EventDate "2007.09.01"]
[EventType "swiss"]
[EventRounds "9"]
[EventCountry "AUT"]
[SourceTitle "EXT 2009"]
[Source "ChessBase"]
[SourceDate "2008.11.26"]
[SourceVersion "1"]
[SourceVersionDate "2008.11.26"]
[SourceQuality "1"]

1. Nf3 d6 2. c4 g6 3. Nc3 Bg7 4. g3 e5 5. Bg2 Nc6 6. Rb1 Bf5 7. d3 Qd7 8. h3 h6 9. b4 Nf6 10. Nd2 0-0 11. b5 Nd8 12. e4 Be6 13. Nf3 b6 14. Nd5 Kh7 15. Be3 Ng8 16. d4 c6 17. bxc6 Nxc6 18. Nxb6 axb6 19. d5 Na5 20. Nd2 Qc8 21. dxe6 Qxe6 22. Rxb6 Nxc4 23. Nxc4 Qxc4 24. Qb3 Qxb3 25. axb3 Rfb8 26. b4 Ra1+ 27. Ke2 Ra2+ 28. Kf3 Rxb6 29. Bxb6 Rb2 30. Ba5 f5 31. Ke3 Rb3+ 32. Kd2 Rb2+ 33. Kc3 Rxf2 34. Rg1 Ne7 35. b5 fxe4 36. Bxe4 d5 37. Bc2 e4+ 38. Kb3 e3 39. Bd3 Be5 40. g4 Rb2+ 41. Ka3 Rh2 42. Bd8 Bd6+ 43. Kb3 Rxh3 44. Bb6 Bh2 45. Re1 Bf4 46. Bc5 Nc8 47. Kb4 Nd6 48. Ra1 Rg3 49. Ra7+ Kg8 50. Ra6 Rxg4 51. Kb3 Ne4 52. Bd4 Nf2 53. Be2 Rg3 54. b6 h5 55. b7 h4 56. Ra8+ Kf7 57. b8Q Bxb8 58. Rxb8 h3 59. Rh8 Ne4 60. Bd3 h2 61. Rh7+ Ke6 62. Be2 1/2-1/2

[Event "Seefeld op 16th"]
[Site "Seefeld"]
[Date "2005.09.20"]
[Round "4"]
[White "Stabolewski, Andreas"]
[Black "Allgaier, Erik"]
[Result "1-0"]
[WhiteElo "2225"]
[BlackElo "2078"]
[PlyCount "31"]
[EventDate "2005.09.17"]
[EventType "swiss"]
[EventRounds "9"]
[EventCountry "AUT"]
[SourceTitle "EXT 2007"]
[Source "ChessBase"]
[SourceDate "2006.11.23"]
[SourceVersion "1"]
[SourceVersionDate "2006.11.23"]
[SourceQuality "1"]

1. e4 d6 2. d4 g6 3. g3 Nf6 4. Bg2 Bg7 5. Ne2 0-0 6. 0-0 e5 7. h3 c6 8. c4 Nh5 9. g4 Nf6 10. Nbc3 Na6 11. Bg5 Qb6 12. Be3 Qxb2 13. a3 exd4 14. Bxd4 Nc5 15. Nd5 Qxd4 16. Ne7+ 1-0